Responses for Show #6700 - Friday, November 1, 2013

Contestants

[<< previous game]

Andrea Massar, a clinical social worker from Rockville, Maryland

Norah McKissic, an embroiderer and student from Anchorage, Alaska

Rhea Hantelman, an administrative assistant from Marysville, Washington (whose 1-day cash winnings total $25,000)

[next game >>]

Jeopardy! Round responses

ALSO A CLASSIC MONOPOLY SPACE
THE NEW YORK TIMES PULITZER WINNERS
GIRL GROUPS
BIRTH, SCHOOL, WORK, DEATH
WORD ORIGINS
IT'S ABOUT TIME
    $200 1
Chance

Triple Stumper
    $200 6
Wall Street

Rhea
    $200 7
the Spice Girls

Norah
    $200 13
Salvador Dali

Andrea
    $200 8
plagiarism

Norah
    $200 17
era

Rhea
    $400 2
Go

Norah
    $400 14
a warrant

Norah
    $400 15
Destiny's Child

Norah
    $400 20
Newton

Norah
    $400 9
Mandarin

Rhea
    $400 18
180

Andrea
    $600 3
Free Parking

Andrea
    $600 19
a DNA test

Norah
    $600 16
the Dixie Chicks

Norah
    $600 21
James Gandolfini

Rhea
    $600 10
a dashboard

Rhea
    $800 4
Boardwalk

Rhea
    $800 24
Bork

Andrea
    $500 22
(Rhea: Who is Tennessee Williams?)

Eugene O'Neill

Rhea
    $800 11
a loupe

Rhea
    $800 27
[The end-of-round signal sounds.]

incense

Norah
    $1000 5
Luxury Tax

Andrea
    $1000 25
an imam

Norah
    $1000 23
(Alex: Good, with a minute to go.)

Mozart

Andrea
    $1000 12
aegis

Triple Stumper
    $1000 26
Before Common Era

Norah

Scores at the first commercial break (after clue 15):

Rhea Norah Andrea
$2,800 $1,600 $1,800

Scores at the end of the Jeopardy! Round:

Rhea Norah Andrea
$3,100 $6,000 $4,000

Double Jeopardy! Round responses

THE JESUITS
BOOKS' SUBTITLES
IN "MOTHER" WORDS
TV TITLE MATH
THE CURRENT SUPREME COURT JUSTICE WHO...
U.S. FORCES OVERSEAS
(Alex: Now, November is Military Family Month, and it's also the month in which we honor our military veterans.)
    $400 11
(Alex: St. Ignatius of Loyola in [*].)

Spain

Triple Stumper
    $400 6
Fear and Loathing in Las Vegas

Andrea
    $400 1
mother tongue

Andrea
    $400 17
108 (48 + 60)

Rhea
    $400 22
Clarence Thomas

Andrea
    $400 12
(Mount) Vesuvius

Rhea
    $800 27
(Alex: [*]--the current Pope.)

Argentina

Andrea
    $800 7
Madame Bovary

Norah
    $800 2
mother hen

Andrea
    $800 18
1400 (700 × 2)

Norah
    $800 23
Scalia

Rhea
    $800 13
Okinawa

Norah
    $1200 28
the Superior General

Triple Stumper
    $1200 8
Tess of the d'Urbervilles

Norah
    $1200 3
mother's little helper

Norah
    $3,000 19
12 (9 + 0 + 2 + 1 + 0)

Norah
    $1200 24
Ginsburg

Andrea
    $1200 14
Berlin

Norah
    $1600 29
Gonzaga

Rhea
    $1600 9
Jarhead

Andrea
    $1600 4
a den mother

Andrea
    $1600 20
6 1/2 ( 9 - 2 1/2)

Rhea
    $1600 25
(Norah: Who is Clarence Thomas?)
...
(Alex: Who is the Chief Justice of the United States, [*]?)

John Roberts

Norah
Triple Stumper
    $2,000 15
Kuwait

Norah
    $2000 30
begging

Triple Stumper
    $2000 10
Lady Windermere's Fan

Triple Stumper
    $2000 5
the Mother Lode

Norah
    $2000 21
3 (24 ÷ 8)

Norah
    $2000 26
(Rhea: Who is Sotomayor?)

Elena Kagan

RheaAndrea
    $2000 16
Ramstein

Rhea

Scores at the end of the Double Jeopardy! Round:

Rhea Norah Andrea
$7,900 $19,400 $13,200

[wagering suggestions for these scores]

Final Jeopardy! Round responses

NATIONS OF THE WORLD
(Alex: [To Rhea] Well, they start with the same letter, but they are not neighbors.)
...
(Alex: [To Andrea] Was going for Guyana and, uh, Guatemala, but that's way, way away.)
...
(Alex: [To Norah] They are not neighbors, but [*] are neighbors.)
RheaWhat are Paraguay & Peru?
$7,800
AndreaWhat is Guyana
$6,201
NorahWhat Columbia & Chile
$8,000
Brazil & Bolivia

Final scores:

Rhea Norah Andrea
$100 $11,400 $6,999
3rd place: $1,000 New champion: $11,400 2nd place: $2,000

Game dynamics:

Coryat scores:

Rhea Norah Andrea
$8,400 $17,200 $13,200
13 R,
2 W
(including 1 DD)
21 R
(including 2 DDs),
1 W
15 R,
0 W

Combined Coryat: $38,800

[game clues] [game scores] [suggest correction]

Game tape date: 2013-09-16
The J! Archive is created by fans, for fans. Scraping, republication, monetization, and malicious use prohibited; this site may use cookies and collect identifying information. See terms. The Jeopardy! game show and all elements thereof, including but not limited to copyright and trademark thereto, are the property of Jeopardy Productions, Inc. and are protected under law. This website is not affiliated with, sponsored by, or operated by Jeopardy Productions, Inc. Join the discussion at JBoard.tv.